Представление документа в формате RUSMARC

ПолеНазваниеЗначение
  Тип записи a
  Библиографический уровень m
001 Контрольный номер RU/REG73/CBS_GRAD/654539463
005 Дата корректировки 20221122154914.1
010 Индекс ISBN __
a ISBN 5-85009-174-2
101 Язык документа __
a Язык текста rus
200 Заглавие и сведения об ответственности __
a Заглавие Как бороться с астмой
f Первые сведения об ответственности Борис Сергеевич Толкачев
b Общее обозначение материала Текст
203 Вид содержания и тип средства __
a Вид содержания Текст (визуальный) : непосредственный
210 Выходные данные __
a Место издания Москва
c Издательство Советский спорт
d Дата издания 1989
215 Физическое описание __
a Объем 60 с.
c Иллюстрации/тип воспроизводства ил.
225 Серия __
a Серия Физкультура против недуга
686 Индексы других классификаций __
a Классификационный индекс 51.1(2)
700 Автор __
a Фамилия Толкачев
g Полное личное имя Борис Сергеевич
801 Источник записи _0
a Страна RU
b Организация RuCBSGrad
g Правила каталогизации PSBO
801 Источник записи _1
a Страна RU
b Организация RuCBSGrad
g Правила каталогизации PSBO
901 Тип документа __
t Тип документа m
981 __
b i
g e
2 isbdcontent
982 __
b n
2 isbdmedia
993 __
a 15792
b 6497
c Ретро
e 142552
f ЦГДБ
h 0.30
i 142552
m 1
n 44101.57853
o I
x 1
y 1
z 5